Návrh opatrení na využitie nových trendov marketingovej komunikácie v spoločnosti PAPO, s.r.o.

Saved in:
Bibliographic Details
Main Author: Farbiak, Marek (Author)
Other Authors: Babčanová, Dagmar (Thesis advisor)
Format: Manuscript Book
Language:Slovak
Published: 2015
Subjects:
Online Access:http://is.stuba.sk/zp/portal_zp.pl?podrobnosti=96428
Tags: Add Tag
No Tags, Be the first to tag this record!

MARC

LEADER 00000ntm a22000003a 4500
001 stuzp50066
003 SK-STU
005 20160719153440.3
007 ta
008 150427s2015----xo-----f-mn---000-0-slo-d
040 |a STU  |b slo 
041 0 |a slo 
100 1 |a Farbiak, Marek  |u 064000  |4 aut  |U MTF Materiálovotechnologická fakulta  |T MTF Ústav priemyselného inžinierstva a manažmentu  |X 9449  |U M4000  |Y 84  |7 9449 
242 0 1 |a Draft measures to exploit new trends in marketing communications in company PAPO, s.r.o.  |y eng 
245 1 0 |a Návrh opatrení na využitie nových trendov marketingovej komunikácie v spoločnosti PAPO, s.r.o. 
260 |c 2015 
650 4 |a marketing  |2 slo 
650 4 |a marketingová komunikácia  |2 slo 
650 4 |a komunikačný mix  |2 slo 
650 4 |a internetový marketing  |2 slo 
650 4 |a mobilný marketing  |2 slo 
650 4 |a marketing  |2 eng 
650 4 |a marketing communication  |2 eng 
650 4 |a communication mix  |2 eng 
650 4 |a internet marketing  |2 eng 
650 4 |a mobile marketing  |2 eng 
700 1 |a Babčanová, Dagmar  |4 ths  |X 2819  |7 A000002819 
856 4 |u http://is.stuba.sk/zp/portal_zp.pl?podrobnosti=96428 
996 |c M* BP-7237  |l MMSKP  |s P  |a 0  |w stuzp50066_0001 
SQL |a stuzp50066  |b DBP  |c SLO  |d Návrh opatrení na využitie nových trendov marketingovej komunikácie v spoločnosti PAPO, s.r.o.  |e 9449  |f Farbiak, Marek  |g 064000  |h 2819  |i Babčanová, Dagmar  |j 20150624  |k 175  |l 06  |m http://is.stuba.sk/zp/portal_zp.pl?podrobnosti=96428  |n B-PMA  |o 5.2.52. priemyselné inžinierstvo